书目信息 |
| 题名: |
边缘游戏
|
|
| 作者: | 李寻欢 著 | |
| 分册: | ||
| 出版信息: | 北京 知识出版社 2001.01 |
|
| 页数: | 241页 | |
| 开本: | 20cm | |
| 丛书名: | 榕树下网络文学书系 | |
| 单 册: | ||
| 中图分类: | I217.62 | |
| 科图分类: | ||
| 主题词: | 文学--wen xue--作品--中国--现代--选集 | |
| 电子资源: | ||
| ISBN: | 7-5015-2793-8 | |
| 000 | 00865nam 2200253 450 | |
| 001 | 012008836525 | |
| 005 | 20080316164631.40 | |
| 010 | @a7-5015-2793-8@dCNY13.80 | |
| 100 | @a20080316d2001 km y0chiy0120 ea | |
| 101 | 0 | @achi |
| 102 | @aCN@b110000 | |
| 105 | @ay z 000yy | |
| 106 | @ar | |
| 200 | 1 | @a边缘游戏@Abian yuan you xi@f李寻欢著@Fli xun huan zhu |
| 210 | @a北京@c知识出版社@d2001.01 | |
| 215 | @a241页@d20cm | |
| 225 | 2 | @a榕树下网络文学书系@Arong shu xia wang luo wen xue shu xi |
| 330 | @a本书收入“四大皆空”、“爱情厨子论”、“我的爱情观理论大纲”、“金风玉露一相逢”、“爱情艺术论”、“宝贝”等11篇文学作品。 | |
| 410 | 0 | @12001 @a榕树下网络文学书系 |
| 606 | 0 | @a文学@Awen xue@x作品@y中国@z现代@j选集 |
| 690 | @aI217.62@v4 | |
| 701 | 0 | @a李寻欢@Ali xun huan@4著 |
| 801 | 0 | @aCN@bQSSK@c20080316 |
| 905 | @b20285131-34@dI217.62@eL302@f4 | |
| 边缘游戏/李寻欢著.-北京:知识出版社,2001.01 |
| 241页;20cm.-(榕树下网络文学书系) |
| ISBN 7-5015-2793-8:CNY13.80 |
| 本书收入“四大皆空”、“爱情厨子论”、“我的爱情观理论大纲”、“金风玉露一相逢”、“爱情艺术论”、“宝贝”等11篇文学作品。 |
| ● |
| 相关链接 |
|
|
|
正题名:边缘游戏
索取号:I217.62/L302
 
预约/预借
| 序号 | 登录号 | 条形码 | 馆藏地/架位号 | 状态 | 备注 |
| 1 | 285131 | 202851315 | 文学库108/108文学库 15排9列5层/ [索取号:I217.62/L302] | 在馆 | |
| 2 | 285132 | 202851324 | 文学库108/108文学库 15排9列5层/ [索取号:I217.62/L302] | 在馆 | |
| 3 | 285133 | 202851333 | 文学库108/108文学库 15排9列5层/ [索取号:I217.62/L302] | 在馆 | |
| 4 | 285134 | 202851342 | 社科二线400B/400B社科库 13排4列4层/ [索取号:I217.62/L302] | 在馆 |